000 00721nam a2200241Ia 4500
003 OSt
005 20250602101752.0
008 210716s2012 xx 000 0 und d
020 _a9788132204237
040 _cAIMIT LIBRARY
041 _aeng
082 _a006.671
_21
_bVUKA
100 _aVukotic, Aleksa.
_9212135
245 _aApache tomcat 7 /
_cBy Aleksa Vukotic and James Goodwill.
250 _a1st ed.
260 _aNew Delhi :
_bApress ,
_c2012.
300 _axvi,277
_bPB
_c24.2 cm
650 _aConfiguring security realms
_9212136
650 _aIntegrating apache web server
_9212137
650 _aLogging in tomcat
_9212138
700 _aGoodwill, James.
_9212139
942 _2ddc
_cBK
_e1st
_k006.671 VUKA
999 _c192702
_d192702